000
00330nam a2200133Ia 4500
008
231129s1995||||xx |||||||||||||| ||spa||
040
_b
spa
082
_a
616.6 F634u
100
_a
Flórez Silva Férez
245
0
_a
Urología
260
_c
1995
264
_a
Corporación para investigaciones biológicas
942
_2
ddc
_c
BKS
999
_c
26078
_d
26078